| 000 | 00465nam a2200181Ia 4500 | ||
|---|---|---|---|
| 008 | 240925s9999 xx 000 0 und d | ||
| 020 | _a9789332526471 | ||
| 082 | _a001.424 NAT | ||
| 100 | _aNatarajan, A. M. | ||
| 245 | 0 | _aOperations Research | |
| 250 | _a2nd | ||
| 260 |
_aNew Delhi: _bPearson Education _c,2014. |
||
| 300 |
_a710p. _b0 _fOriginal |
||
| 500 | _aIncludes Index | ||
| 600 | _aHumanities & Natural Science | ||
| 650 | _aGeneralia | ||
| 942 | _cBK | ||
| 999 |
_c16941 _d16941 |
||